| 000 | 00876cam a22003013a 4500 | ||
|---|---|---|---|
| 001 | 7041 | ||
| 003 | PGUSA | ||
| 005 | 20140828083140.0 | ||
| 008 | 041201s2004||||xxu|||||s|||||000 | eng d | ||
| 040 |
_aPGUSA _beng |
||
| 042 | _adc | ||
| 050 | 4 | _aPR | |
| 100 | 1 |
_aShakespeare, William, _d1564-1616 |
|
| 245 | 1 | 0 |
_aWie es Euch gefällt _h[electronic resource] / _cWilliam Shakespeare |
| 260 |
_bProject Gutenberg, _c2004 |
||
| 500 | _aTranslation of: As You Like It | ||
| 506 | _aPublic domain in the USA. | ||
| 516 | _aElectronic text | ||
| 653 | _aExiles -- Drama | ||
| 653 | _aPastoral drama | ||
| 653 | _aFathers and daughters -- Drama | ||
| 653 | _aComedies | ||
| 700 | 1 |
_aSchlegel, August Wilhelm von, _d1767-1845 |
|
| 740 | 0 | _aAs You Like It. German | |
| 830 | 0 |
_aProject Gutenberg _v7041 |
|
| 856 | 4 | 0 | _uhttp://www.gutenberg.org/ebooks/7041 |
| 942 | _cEB | ||
| 999 |
_c236361 _d236361 |
||